00810 2200241 4500001002100000005001700021008004100038035002400079082001800103090002500121100002000146245010200166260013700268300002800405500002800433650002900461700001700490850001500507980001300522985000600535986001200541999001500553YOGYA-0209000000318220090227020614.0 ind  0010-020900000003182 a551.409598164 a551.409598164bBud P aBUDHISANTOSA, S aPemanfaatan air sungai pada masyarakat kota PalembangcS. Budhisantosa ; penyunting, Mc. Suprapti aJakartabDepdikbud Dirjen Keb. Direktorat Sejarah dan Nilai Tradisional, Proyek inventarisasi dan pembinaan nilai-nilai budayac1991 axiv,79 hlmbilusc22 cm aBibliografi : hlm.75-76 aAir sungai - Pemanfaatan aSUPRAPTI, Mc aYOPDYOG[B] a04-02-06 a1 aBPRTREV a95A0022394